000 02009cas a2200469 a 4500
001 dpl
005 20140904160714.0
007 ta
008 041103c20049999ii mr p 0 0eng c
016 7 _a013168526
022 _a0973-1458
_y0252-9254
_y0252-9262
_y0019-5480
035 _a(OCoLC)ocm56895225
040 _aOU
_beng
_cOU
_dTxCM
_dDLC
_dCLU
_dUKMGB
_dCU-S
_dOCoLC
042 _apcc
050 0 0 _aQC1
_b.I528
130 0 _aIndian journal of physics
245 1 0 _aIndian journal of physics
_cedited by A Ghosh
247 _aProceedings of the Indian Association for the Cultivation of Science
260 _aCalcutta :
_bIndian Association for the Cultivation of Science,
_cc2004-
260 _aNew Delhi
_bSpringer
300 _av. :
_bill. ;
_c28 cm.
310 _aMonthly
362 0 _aVol. 88, no. 3 (March 2014-
550 _aIssued in collaboration with the Indian Physical Society.
580 _aFormed by the union of: The Indian journal of physics. Part A, and: The Indian journal of physics. Part B.
590 _aAcquired via LC overseas office. New Delhi Field Office. Most recent issues may not yet be available in LC Washington.
650 0 _aPhysics
_vPeriodicals.
650 0 _aScience
_vPeriodicals.
700 _aGhosh, A
710 2 _aIndian Association for the Cultivation of Science.
710 2 _aIndian Physical Society.
776 0 8 _iOnline version:
_tIndian journal of physics and proceedings of the Indian Association for the Cultivation of Science (2004 : Online)
_w(DLC) 2004263057
_w(OCoLC)608305086
780 1 4 _tIndian journal of physics. Part A
_x0252-9262
_w(DLC) 85644553
_w(OCoLC)3689333
780 1 4 _tIndian journal of physics. Part B
_x0252-9254
_w(DLC) 85644556
_w(OCoLC)3689359
856 _uwww.springer.com/12648
906 _a7
_bcbc
_cserials
_d2
_encip
_f20
_gn-oclcserc
942 _2ddc
_cSR
_s1
999 _c88312
_d88312